[Event "Oviedo op 8th"]
[Site "Oviedo"]
[Date "2022.07.23"]
[Round "9"]
[White "Menguez Rodriguez, Felipe"]
[Black "Perez Guerrero, Jose Esteban"]
[Result "0-1"]
[WhiteElo "1839"]
[BlackElo "1670"]
[PlyCount "98"]
[EventDate "2022.07.17"]
[EventType "swiss"]
[EventRounds "9"]
[EventCountry "ESP"]
[SourceTitle "CBM 209 Extra"]
[Source "ChessBase"]
[SourceDate "2022.09.30"]
[SourceVersion "1"]
[SourceVersionDate "2022.09.30"]
[SourceQuality "1"]

1. e4 c5 2. Nf3 e6 3. d3 Nc6 4. g3 Nf6 5. Bg2 Be7 6. 0-0 0-0 7. Re1 d6 8. Nbd2 Rb8 9. c3 b5 10. Nf1 Bb7 11. h4 Ng4 12. Ng5 Nge5 13. f4 h6 14. Nh3 Nd7 15. Ne3 f5 16. Qe2 fxe4 17. Bxe4 d5 18. Nxd5 Bxh4 19. Qg4 exd5 20. Bxd5+ Kh8 21. Be4 Be7 22. Qg6 Nf6 23. Ng5 Qe8 24. Ne6 Qxg6 25. Bxg6 Rfc8 26. f5 Bd6 27. Re2 Ne7 28. Rh2 Ng4 29. Rh4 Bf3 30. Ng5 Bxg3 31. Nxf3 Bxh4 32. Nxh4 Nxg6 33. Nxg6+ Kh7 34. Bf4 Rb6 35. Re1 Rf6 36. Re4 h5 37. Kg2 Rd8 38. d4 cxd4 39. cxd4 Rxf5 40. Nh4 Rfd5 41. Nf3 R8d7 42. Kg3 b4 43. Ng5+ Kg6 44. Re6+ Nf6 45. Nf3 Kf5 46. Re1 Ne4+ 47. Kh4 Kxf4 48. Ne5 Rxe5 49. dxe5 Kxe5 0-1